| 000 | 01193nam a2200337 a 4500 | ||
|---|---|---|---|
| 005 | 20160129020002.0 | ||
| 008 | 140221b1999 ck ||||| |||| 00| 0 spa d | ||
| 020 | _a01208551 | ||
| 040 |
_aCO-BoIAVH _cCO-BoIAVH |
||
| 041 | 0 | _aspa | |
| 044 | _ack | ||
| 082 | 0 | 4 |
_a918 _bI24p |
| 090 |
_aLB _b00570 |
||
| 110 | _bInstituto Geográfico Agustín Codazzi | ||
| 245 | _aPaisaje fisiográficos de la Orinoquia-Amazonia (Oram) Colombia | ||
| 260 |
_aBogotá _bIGAC _c1999 |
||
| 300 |
_a361 páginas _bmapas _c28 cm. _e7 mapas |
||
| 500 | _aIncluye glosario. Incluye listados de tablas, figuras, anexos y fotografías. | ||
| 504 | _aIncluye referencias bibliográficas (Páginas 297-317). | ||
| 505 | _aCap. 1 Bioclima e hidrología. Cap. 2 Geología y fisiografía. Cap. 3 Fauna y vegetación. | ||
| 590 | _aAnexos 7 mapas. | ||
| 650 | 4 |
_aEcología del paisaje _vCartografía |
|
| 650 | 6 |
_aFisiografía _vCartografía |
|
| 650 | 4 |
_aClima _vCartografía |
|
| 650 | 6 | _aGeología | |
| 650 | 6 |
_aHidrología _vCartografía |
|
| 650 | 6 | _aFauna | |
| 650 | 4 |
_aVegetación _vCartografía |
|
| 662 | _aColombia | ||
| 942 |
_cLIBRO _2ddc _013 |
||
| 999 |
_c588 _d588 |
||